[Event "World Senior 50+ 2014"]
[Site "Katerini GRE"]
[Date "2014.10.24"]
[Round "1.1"]
[White "Findlay, David John"]
[Black "Nunn, John D M"]
[Result "0-1"]
[BlackTitle "GM"]
[WhiteElo "2162"]
[BlackElo "2602"]
[WhiteFideId "2400278"]
[BlackFideId "400017"]
[EventDate "2014.10.24"]

1. e4 c5 2. Nf3 d6 3. d4 Nf6 4. Nc3 cxd4 5. Nxd4 a6 6. f4 g6 7. Bd3 Bg7 8. Nf3
O-O 9. O-O Nc6 10. Qe1 Nb4 11. Qh4 e6 12. f5 exf5 13. Bg5 fxe4 14. Nxe4 Qb6+ 15.
Nf2 Nxd3 16. Bxf6 Bxf6 17. Qxf6 Qxb2 18. Ne4 Qxf6 19. Nxf6+ Kg7 20. Ng5 Ne5 21.
Nfxh7 Rh8 22. Nf6 Bf5 23. Nd5 Rh5 24. Nf3 Nxf3+ 25. gxf3 Bh3 26. Rfd1 Rg5+ 27.
Kf2 Rg2+ 28. Ke3 Re8+ 29. Kd4 Rxc2 0-1

[Event "World Senior 50+ 2014"]
[Site "Katerini GRE"]
[Date "2014.10.24"]
[Round "1.2"]
[White "Hebden, Mark L"]
[Black "Osmolny, Vladimir I."]
[Result "1-0"]
[WhiteTitle "GM"]
[BlackTitle "FM"]
[WhiteElo "2540"]
[BlackElo "2154"]
[WhiteFideId "400084"]
[BlackFideId "24137049"]
[EventDate "2014.10.24"]

1. d4 d5 2. Nf3 Nc6 3. c4 Bg4 4. Nc3 e6 5. Bf4 Nf6 6. e3 Bd6 7. Bg5 dxc4 8. Bxc4
h6 9. Bh4 Ne7 10. h3 Bh5 11. Bxf6 gxf6 12. Qb3 f5 13. O-O-O c6 14. Rhg1 b5 15.
Bd3 b4 16. Ne2 Rg8 17. Ne5 f6 18. g4 fxg4 19. hxg4 Bf7 20. Nxf7 Kxf7 21. f4 Nd5
22. Bc4 a5 23. f5 Ke7 24. e4 a4 25. Qf3 Qc7 26. Kb1 Nf4 27. fxe6 Nxe2 28. e5
Nc3+ 29. bxc3 Bxe5 30. dxe5 Qxe5 31. Rd7+ Ke8 32. Qxc6 1-0

[Event "World Senior 50+ 2014"]
[Site "Katerini GRE"]
[Date "2014.10.24"]
[Round "1.3"]
[White "Furman, Boris"]
[Black "Sturua, Zurab"]
[Result "1/2-1/2"]
[WhiteTitle "FM"]
[BlackTitle "GM"]
[WhiteElo "2152"]
[BlackElo "2523"]
[WhiteFideId "4107187"]
[BlackFideId "13600095"]
[EventDate "2014.10.24"]

1. d4 g6 2. c4 Bg7 3. Nc3 c5 4. d5 Bxc3+ 5. bxc3 f5 6. e4 fxe4 7. f3 Nf6 8. fxe4
d6 9. Qc2 Nbd7 10. Nf3 Ne5 11. Be2 Bd7 12. O-O Qc7 13. Nxe5 dxe5 14. Bg5 Qd6 15.
Rab1 b6 16. a4 a5 17. Rf2 h6 18. Bxf6 exf6 19. Rbf1 O-O 20. Qd2 Kg7 21. Bd1 f5
22. exf5 gxf5 23. Bc2 f4 24. Qd3 Bf5 25. Qe2 Bd7 26. Qd3 Bf5 27. Qe2 Bd7 1/2-1/2

[Event "World Senior 50+ 2014"]
[Site "Katerini GRE"]
[Date "2014.10.24"]
[Round "1.5"]
[White "Gamback, Bjorn"]
[Black "Bischoff, Klaus"]
[Result "0-1"]
[BlackTitle "GM"]
[WhiteElo "2109"]
[BlackElo "2504"]
[WhiteFideId "1703161"]
[BlackFideId "4600045"]
[EventDate "2014.10.24"]

1. d4 e6 2. c4 b6 3. Nf3 Bb7 4. Nc3 Bb4 5. Qc2 f5 6. a3 Bxc3+ 7. Qxc3 Nf6 8. Bg5
h6 9. Bxf6 Qxf6 10. e3 Bxf3 11. gxf3 c5 12. O-O-O Nc6 13. d5 Qxc3+ 14. bxc3 Ne5
15. Be2 Ke7 16. h4 g5 17. Kc2 Raf8 18. Rdg1 Kf6 19. Rh3 Nf7 20. Rgh1 Rfg8 21.
Kd2 Ke5 22. hxg5 hxg5 23. Rh7 Rxh7 24. Rxh7 Rf8 25. Bd3 Kf6 26. Kc2 Rh8 27. Rxh8
Nxh8 28. Kb3 Nf7 29. a4 Ne5 30. Be2 f4 31. dxe6 dxe6 32. exf4 gxf4 33. Kc2 Kg5
34. Kd2 Kh4 35. Ke1 Kh3 36. Kf1 Kh2 37. Ke1 Kg2 38. Bf1+ Kxf3 39. Bh3 Nd3+ 40.
Kf1 Nxf2 41. Bxe6 Ke3 42. Ke1 f3 43. Bf5 Nh1 44. Bh3 Ng3 45. a5 bxa5 46. Kd1 f2 0-1

[Event "World Senior 50+ 2014"]
[Site "Katerini GRE"]
[Date "2014.10.24"]
[Round "1.6"]
[White "Movsziszian, Karen"]
[Black "Ismail, Ahmad"]
[Result "1-0"]
[WhiteTitle "GM"]
[WhiteElo "2487"]
[BlackElo "2075"]
[WhiteFideId "13301152"]
[BlackFideId "5700655"]
[EventDate "2014.10.24"]

1. g3 d5 2. Bg2 Nf6 3. d3 e6 4. Nd2 Nbd7 5. Ngf3 Be7 6. O-O c6 7. e4 dxe4 8.
dxe4 Qc7 9. Re1 e5 10. a4 O-O 11. Qe2 a5 12. Nc4 b6 13. Nh4 Ba6 14. Nf5 Bc5 15.
Bf1 b5 16. Nce3 b4 17. Qf3 Bxf1 18. Rxf1 h5 19. Nc4 Rfe8 20. Bg5 Re6 21. Rad1
Bf8 22. b3 g6 23. Nh6+ Bxh6 24. Bxh6 Rae8 25. Be3 c5 26. Bg5 Nh7 27. Be3 Nhf6
28. Bg5 Nh7 29. Bc1 Nhf6 30. Bb2 Ng4 31. h3 Ngf6 32. Rd3 Nh7 33. Rfd1 Ndf6 34.
Qe3 g5 35. Nd6 Rf8 36. Nf5 c4 37. Rd6 cxb3 38. Qxb3 Rfe8 39. Qd3 g4 40. Qe3 Rxd6
41. Qh6 1-0

[Event "World Senior 50+ 2014"]
[Site "Katerini GRE"]
[Date "2014.10.24"]
[Round "1.7"]
[White "Sideris, Nikiforos"]
[Black "Kalegin, Evgenij"]
[Result "0-1"]
[BlackTitle "IM"]
[WhiteElo "2017"]
[BlackElo "2474"]
[WhiteFideId "4204271"]
[BlackFideId "4103416"]
[EventDate "2014.10.24"]

1. e4 c5 2. Nf3 e6 3. d4 cxd4 4. Nxd4 a6 5. Bd3 Nf6 6. O-O Qc7 7. Nf3 Nc6 8. c3
Bc5 9. Nbd2 Ng4 10. Qe2 h5 11. h3 Nce5 12. Nxe5 Nxe5 13. Nf3 Nxd3 14. Qxd3 b6
15. Be3 Bb7 16. Rfe1 Rd8 17. b4 Bxe3 18. Qxe3 d6 19. Nd4 e5 20. Ne2 b5 21. Ng3
g6 22. a4 bxa4 23. Rxa4 Rc8 24. Ra3 Qe7 25. Rd1 O-O 26. Re1 Rc4 27. f3 Rfc8 28.
Ne2 Qe6 29. Raa1 d5 30. exd5 Bxd5 31. Qh6 Qb6+ 32. Kf1 0-1

[Event "World Senior 50+ 2014"]
[Site "Katerini GRE"]
[Date "2014.10.24"]
[Round "1.8"]
[White "Arkell, Keith C"]
[Black "Hafez, Bakr"]
[Result "1-0"]
[WhiteTitle "GM"]
[BlackTitle "IM"]
[WhiteElo "2450"]
[BlackElo "2013"]
[WhiteFideId "400270"]
[BlackFideId "8103607"]
[EventDate "2014.10.24"]

1. d4 Nf6 2. Nf3 e6 3. c4 b6 4. a3 Bb7 5. Nc3 d5 6. cxd5 exd5 7. Bg5 Be7 8. e3
O-O 9. b4 Nbd7 10. b5 c6 11. bxc6 Bxc6 12. Be2 a6 13. a4 Bb4 14. Qb3 a5 15. O-O
Bb7 16. Rfc1 Rc8 17. Na2 Bd6 18. Rxc8 Bxc8 19. Nc3 Bb7 20. Rb1 Qa8 21. Bxf6 Nxf6
22. Qxb6 Bb4 23. Na2 Bc6 24. Nxb4 Rb8 25. Nxc6 Rxb6 26. Rxb6 Nd7 27. Ra6 Qb7 28.
Bb5 Kf8 29. Nxa5 Qc7 30. Ra8+ Ke7 31. Nc6+ Kf6 32. Ra7 Qd6 33. Nce5 1-0

[Event "World Senior 50+ 2014"]
[Site "Katerini GRE"]
[Date "2014.10.24"]
[Round "1.10"]
[White "Kristiansen, Jens"]
[Black "Auvinen, Esa"]
[Result "1-0"]
[WhiteTitle "GM"]
[WhiteElo "2405"]
[BlackElo "1972"]
[WhiteFideId "1400061"]
[BlackFideId "501069"]
[EventDate "2014.10.24"]

1. d4 Nf6 2. c4 e6 3. Nc3 d5 4. Bg5 Be7 5. cxd5 exd5 6. e3 O-O 7. Bd3 c6 8. Qc2
Nbd7 9. Nge2 Re8 10. O-O Nf8 11. f3 a5 12. Kh1 Ng6 13. e4 dxe4 14. fxe4 Bg4 15.
Rad1 Bxe2 16. Bxe2 Nxe4 17. Nxe4 Bxg5 18. Bc4 Rf8 19. d5 cxd5 20. Rxd5 Qe7 21.
Nxg5 1-0

[Event "World Senior 50+ 2014"]
[Site "Katerini GRE"]
[Date "2014.10.24"]
[Round "1.11"]
[White "Sand, Rolf"]
[Black "Barle, Janez"]
[Result "0-1"]
[BlackTitle "IM"]
[WhiteElo "1969"]
[BlackElo "2338"]
[WhiteFideId "4610334"]
[BlackFideId "14600021"]
[EventDate "2014.10.24"]

1. c4 Nc6 2. g3 e5 3. Nc3 f5 4. Nf3 e4 5. Nh4 d6 6. d3 exd3 7. Qxd3 Ne5 8. Qc2
g6 9. Bg2 Bg7 10. O-O Nf6 11. Rd1 c6 12. b3 O-O 13. Ba3 Nf7 14. Rac1 Qa5 15. Bb2
f4 16. Ne4 Nxe4 17. Bxg7 Kxg7 18. Bxe4 fxg3 19. hxg3 Bh3 20. Qc3+ Qxc3 21. Rxc3
Rae8 22. Bd3 Ne5 23. Ng2 Bxg2 24. Kxg2 Nxd3 25. Rcxd3 Rxe2 26. Rf3 Rxf3 27. Kxf3
Re6 28. g4 h6 29. Rh1 g5 30. Rd1 Kf7 31. Rd2 a5 32. a4 Ke7 33. Rd1 Kd7 34. Rd3
Kc7 35. Rd4 Kb6 36. Re4 Rxe4 37. Kxe4 Kc5 38. Kf5 d5 39. cxd5 cxd5 40. Kg6 d4
41. Kxh6 d3 42. Kxg5 d2 43. f4 d1=Q 44. f5 Qxb3 45. f6 Kd6 46. Kg6 Qxa4 47. g5
Qf4 0-1

[Event "World Senior 50+ 2014"]
[Site "Katerini GRE"]
[Date "2014.10.24"]
[Round "1.12"]
[White "Stepovoj, Vladimir"]
[Black "Vardakas, Stefanos"]
[Result "1-0"]
[WhiteTitle "IM"]
[WhiteElo "2323"]
[BlackElo "1954"]
[WhiteFideId "4120159"]
[BlackFideId "4205294"]
[EventDate "2014.10.24"]

1. d4 Nf6 2. c4 e6 3. g3 Bb4+ 4. Bd2 Bxd2+ 5. Qxd2 d6 6. Bg2 Nbd7 7. Nc3 O-O 8.
Nf3 e5 9. O-O Re8 10. Rac1 c6 11. e4 Qe7 12. Rfe1 Nf8 13. h3 Ng6 14. b4 Nh5 15.
d5 Qc7 16. c5 dxc5 17. d6 Qd7 18. bxc5 h6 19. Red1 Rd8 20. Na4 Qe6 21. Rb1 Rb8
22. Qa5 Bd7 23. Rxb7 Qxa2 24. Rxa7 Nhf4 25. gxf4 Nxf4 26. Nb6 Qc2 27. Qd2 Qxc5
28. Nxd7 Rb3 1-0

[Event "World Senior 50+ 2014"]
[Site "Katerini GRE"]
[Date "2014.10.24"]
[Round "1.13"]
[White "Kempen, Leon"]
[Black "Bouaziz, Slim"]
[Result "1-0"]
[WhiteTitle "CM"]
[BlackTitle "GM"]
[WhiteElo "1949"]
[BlackElo "2321"]
[WhiteFideId "3203786"]
[BlackFideId "5500010"]
[EventDate "2014.10.24"]

1. d4 Nf6 2. c4 c5 3. d5 b5 4. Qc2 bxc4 5. e4 d6 6. Bxc4 g6 7. Nf3 Bg7 8. O-O
O-O 9. h3 Nbd7 10. Re1 Rb8 11. Nc3 Nb6 12. Bf1 Bb7 13. a4 Na8 14. Bf4 Nc7 15.
Nb5 a6 16. Na3 e6 17. dxe6 Nxe6 18. Bh2 Qe7 19. Rad1 Rbd8 20. Nc4 Nxe4 21. Na5
d5 22. Qb3 Ba8 23. Qb6 Nd4 24. Nxd4 Bxd4 25. Rxd4 cxd4 26. Qxd4 Qc5 27. Rxe4
Qxa5 28. Rh4 Rfe8 29. b4 Qxa4 30. Qf6 Qc6 31. Qg5 f6 32. Qh6 Rd7 33. Bf4 Re1 34.
Bd2 Re4 35. Bd3 Rxh4 36. Qxh4 d4 37. f3 Qe6 38. Qg3 Bd5 39. Bh6 Qe5 40. Bf4 Qe6
41. Bh6 Qd6 42. Qg4 Be6 43. Qe4 Qd5 44. Qe2 Kf7 45. Bd2 Rc7 46. Bxa6 Rc2 47. Bd3
Rb2 48. Kf2 Qa2 49. Ke1 Kg7 50. h4 Kf7 51. h5 gxh5 52. b5 h4 53. f4 Qd5 54. f5
h3 55. Qxe6+ Qxe6+ 56. fxe6+ Kxe6 57. gxh3 f5 58. Bf4 h5 59. Bc4+ Kd7 60. Be2 h4
61. Bd3 Ke6 62. Bc7 Kd5 63. b6 f4 64. Bd8 Kc6 65. Be4+ Kc5 66. b7 d3 67. Bxh4
Kc4 68. Bf6 Rb1+ 69. Kd2 Rb3 70. Be5 1-0

[Event "World Senior 50+ 2014"]
[Site "Katerini GRE"]
[Date "2014.10.24"]
[Round "1.14"]
[White "Chapman, Terry P D"]
[Black "Patola, Eero"]
[Result "1-0"]
[WhiteTitle "FM"]
[WhiteElo "2304"]
[BlackElo "1857"]
[WhiteFideId "413399"]
[BlackFideId "504092"]
[EventDate "2014.10.24"]

1. Nf3 Nf6 2. c4 e6 3. g3 d5 4. b3 Be7 5. Bg2 O-O 6. O-O c6 7. Bb2 Ne4 8. Qc2
Na6 9. d3 Nec5 10. Nbd2 Bf6 11. d4 Nd7 12. e4 dxc4 13. Nxc4 Nb6 14. Rfd1 g6 15.
Rac1 Nxc4 16. bxc4 Qe7 17. h4 Rd8 18. Rb1 Bg7 19. e5 Nc7 20. Ng5 Ne8 21. Re1 Rb8
22. Re3 h6 23. Ne4 Qc7 24. c5 Rd7 25. Ra3 a6 26. Bc3 b6 27. Nd6 Rd8 28. cxb6 Qd7
29. Nxc8 Qxc8 30. Ba1 Bf8 31. Ra4 c5 32. Rc4 Rd5 33. Bxd5 exd5 34. Rxc5 Bxc5 35.
dxc5 Qc6 36. e6 Qxe6 37. c6 Nd6 38. Qc3 f6 39. Qxf6 1-0

[Event "World Senior 50+ 2014"]
[Site "Katerini GRE"]
[Date "2014.10.24"]
[Round "1.15"]
[White "Pashkov, Vladimir M."]
[Black "Heinig, Wolfram"]
[Result "0-1"]
[BlackTitle "FM"]
[WhiteElo "1818"]
[BlackElo "2296"]
[WhiteFideId "24194778"]
[BlackFideId "4611926"]
[EventDate "2014.10.24"]

1. d4 Nf6 2. Nf3 g6 3. c4 Bg7 4. Nc3 O-O 5. e4 d6 6. Be2 e5 7. dxe5 dxe5 8. O-O
Nbd7 9. Qc2 c6 10. Be3 Qe7 11. Rad1 Re8 12. Rfe1 Ng4 13. Bg5 f6 14. Bc1 Nh6 15.
Bf1 Nf8 16. a3 Bg4 17. Be2 Ne6 18. Be3 Nf7 19. h3 Bxf3 20. Bxf3 Bh6 21. Bxh6
Nxh6 22. Qd2 Nf7 23. Qd7 Nd4 24. Qxe7 Rxe7 25. c5 Rd8 26. Kf1 Nb3 27. Na4 Red7
28. Ke2 Rd4 29. Rxd4 Rxd4 30. Nc3 Nxc5 31. Rd1 Ng5 32. Ke3 Nxf3 33. Kxf3 Rxd1
34. Nxd1 Kf7 35. Ke3 a5 36. f3 Ke6 37. Nf2 Kd6 38. h4 b5 39. g3 Na4 40. Nd3 Nb6
41. f4 c5 42. g4 c4 43. Ne1 exf4+ 44. Kxf4 Na4 45. g5 fxg5+ 46. Kxg5 Nxb2 47.
Kh6 Nd3 48. Nf3 c3 49. Nd4 Ke5 50. Nc2 b4 51. axb4 axb4 52. Kxh7 b3 53. Na3 Nf4
54. h5 gxh5 0-1

[Event "World Senior 50+ 2014"]
[Site "Katerini GRE"]
[Date "2014.10.24"]
[Round "1.16"]
[White "Shevelev, Arkady"]
[Black "Limono, Handjojo"]
[Result "1-0"]
[WhiteTitle "IM"]
[WhiteElo "2295"]
[BlackElo "1801"]
[WhiteFideId "2802163"]
[BlackFideId "7102909"]
[EventDate "2014.10.24"]

1. e4 c6 2. d4 d5 3. exd5 cxd5 4. Bd3 Nf6 5. c3 Nc6 6. Bf4 Qb6 7. Qb3 Qxb3 8.
axb3 g6 9. Na3 Nh5 10. Be3 Bg7 11. Nb5 Kd8 12. Nf3 h6 13. h3 g5 14. O-O a6 15.
Ne5 Be6 16. Rfe1 Rc8 17. Nxc6+ Rxc6 18. Na3 Nf4 19. Bc2 Bf6 20. b4 b5 21. Nb1
Bc8 22. Nd2 Rg8 23. Nb3 Ne6 24. Bd1 Ng7 25. Bf3 e6 26. Nc5 Ne8 27. Ra2 Nc7 28.
Bh5 Rg7 29. f3 Be7 30. Nd3 Bd6 31. Ne5 Bxe5 32. dxe5 Rc4 33. Bd4 Rc6 34. Rf1 Na8
35. f4 Ke8 36. Raa1 Nb6 37. b3 Nd7 38. Ra2 Nf8 39. Raf2 Rc7 40. Kh2 Ng6 41. fxg5
hxg5 42. g3 Nf8 43. Rf6 Rh7 44. Be2 Rg7 45. Bd3 Bb7 46. Rh6 Nd7 47. Rh8+ Ke7 48.
Rf6 Rc8 49. Rxc8 Bxc8 50. Rh6 Rg8 51. Kg2 Bb7 52. Kf2 Bc6 53. Rh5 Bb7 54. Be2
Bc6 55. Rh7 Nf8 56. Bc5+ Ke8 57. Bxf8 Kxf8 58. Ke3 Ke7 59. Bh5 Be8 60. Kd4 Kf8
61. Kc5 Rg7 62. Rxg7 Kxg7 63. Kb6 Kh6 64. Be2 f5 65. exf6 Kg6 66. Kxa6 Kxf6 67.
Kb6 e5 68. Kc5 Bf7 69. Kxb5 d4 70. cxd4 exd4 71. Kc5 Ke5 72. b5 Bxb3 73. Bf3 Be6
74. b6 Bc8 75. b7 Bxb7 76. Bxb7 d3 77. Bf3 d2 78. Kc4 d1=Q 79. Bxd1 Ke4 80. Kc3
Ke3 81. Kc2 Kf2 82. h4 g4 83. h5 Kxg3 84. h6 1-0

[Event "World Senior 50+ 2014"]
[Site "Katerini GRE"]
[Date "2014.10.24"]
[Round "1.17"]
[White "Lim, Kian Hwa"]
[Black "Malinin, Vasily B."]
[Result "1/2-1/2"]
[BlackTitle "GM"]
[WhiteElo "1787"]
[BlackElo "2280"]
[WhiteFideId "5700744"]
[BlackFideId "4140249"]
[EventDate "2014.10.24"]

1. e4 Nc6 2. Nf3 e5 3. Bb5 a6 4. Ba4 Nf6 5. d3 b5 6. Bb3 Bc5 7. c3 Bb6 8. O-O d6
9. Nbd2 Ne7 10. Re1 Ng6 11. Nf1 c5 12. d4 c4 13. Bc2 exd4 14. cxd4 O-O 15. h3
Re8 16. Ng3 Ra7 17. Bd2 Rae7 18. a4 Bb7 19. Qb1 Rd7 20. h4 Ng4 21. Bg5 Qc7 22.
h5 Nf8 23. e5 Ne6 24. Bxh7+ Kh8 25. Bf5 Bxf3 26. Bxe6 Rxe6 27. gxf3 Nh6 28. Bxh6
gxh6 29. Qe4 dxe5 30. dxe5 Rd2 31. Qa8+ Rd8 32. Qe4 Rg8 33. Kg2 f6 34. Qf5 Qf7
35. axb5 Rg5 36. Qh3 f5 37. f4 Qb7+ 38. f3 Rg4 39. Re4 Rg8 40. Qxf5 Qg7 41. Qh3
axb5 42. Rae1 Ree8 43. R1e2 Qe7 44. Kh2 Qc5 45. Rg2 b4 46. Ree2 c3 47. Ne4 cxb2
48. Rxb2 Qc1 49. Qh4 Be3 50. Qf6+ Kh7 51. Qf7+ Kh8 52. Qf6+ Kh7 53. Qh4 Kh8 1/2-1/2

[Event "World Senior 50+ 2014"]
[Site "Katerini GRE"]
[Date "2014.10.24"]
[Round "1.18"]
[White "Habibi, Ali"]
[Black "Karatas, Kursat"]
[Result "1-0"]
[WhiteTitle "IM"]
[WhiteElo "2247"]
[BlackElo "1741"]
[WhiteFideId "4604393"]
[BlackFideId "6336841"]
[EventDate "2014.10.24"]

1. b3 e5 2. Bb2 Nc6 3. c4 Nf6 4. d3 Bc5 5. e3 O-O 6. a3 a5 7. Nd2 d5 8. cxd5
Qxd5 9. Ngf3 Bg4 10. Be2 Rad8 11. Qc2 Rfe8 12. O-O Bb6 13. Rfe1 Qe6 14. Nc4 Nd7
15. Rad1 Qg6 16. Qb1 Ba7 17. Bc3 Bb6 18. b4 axb4 19. axb4 f6 20. b5 Ne7 21. d4
Bf5 22. Qb2 exd4 23. Bxd4 Be4 24. Ncd2 Bd3 25. Qb3+ 1-0

[Event "World Senior 50+ 2014"]
[Site "Katerini GRE"]
[Date "2014.10.24"]
[Round "1.19"]
[White "Bobke, Laurenz"]
[Black "Frick, Christoph"]
[Result "0-1"]
[WhiteElo "1715"]
[BlackElo "2241"]
[WhiteFideId "1270575"]
[BlackFideId "4607090"]
[EventDate "2014.10.24"]

1. d4 d5 2. Bf4 Nf6 3. e3 c5 4. c3 Nc6 5. Nd2 Bf5 6. Be2 e6 7. Ngf3 Bd6 8. Bg3
O-O 9. dxc5 Bxc5 10. O-O Qe7 11. b4 Bb6 12. a4 Rac8 13. Qb3 Rfd8 14. Rfc1 e5 15.
a5 Bc7 16. a6 b6 17. Bb5 Bd6 18. Qa4 Nb8 19. Qb3 Nbd7 20. Bh4 h6 21. Qa4 Rc7 22.
Bc6 g5 23. Bg3 Rdc8 24. Bb7 Rd8 25. Qb3 Be6 26. Qb2 Nh5 27. c4 Nxg3 28. hxg3
Bxb4 29. cxd5 Rxc1+ 30. Rxc1 Ba3 31. Qc2 Bf5 32. e4 Bxc1 33. Qxc1 Bg4 34. Nc4
Bxf3 35. gxf3 Qc5 36. Qf1 Qe7 37. Ne3 Nc5 38. Nf5 Qf6 39. Qh3 Kh7 40. Qf1 Nb3
41. Qe2 Nc5 42. Bc6 Kg6 43. g4 Rh8 44. Ng3 Qf4 45. Qd1 Qf6 46. Kg2 Rd8 47. Bb5
Ne6 48. Qh1 Nf4+ 49. Kf1 Rc8 50. Bc6 Rxc6 51. dxc6 Qxc6 52. Kg1 Qc1+ 53. Kh2
Qxh1+ 54. Kxh1 Nd3 55. Kg1 Kf6 56. Kf1 Nc5 57. Ke2 Nxa6 58. Kd3 Nc7 59. Nf5 Ne6
60. Kc4 Nd4 61. Ne3 Ke6 62. Kb4 Nxf3 63. Kb5 Nd2 0-1

[Event "World Senior 50+ 2014"]
[Site "Katerini GRE"]
[Date "2014.10.24"]
[Round "1.20"]
[White "Alexakis, Dimitrios"]
[Black "Ferreira, Alexander"]
[Result "1-0"]
[WhiteElo "2224"]
[BlackElo "1657"]
[WhiteFideId "4200527"]
[BlackFideId "2102935"]
[EventDate "2014.10.24"]

1. e4 e5 2. Nf3 Nc6 3. d4 exd4 4. Nxd4 d6 5. Nc3 Nf6 6. Be2 Be7 7. Be3 a6 8. O-O
Bd7 9. f4 O-O 10. Bf3 Nxd4 11. Bxd4 Qc8 12. e5 Ne8 13. Nd5 Bd8 14. Qe1 Bb5 15.
Qg3 Bxf1 16. Bg4 Qb8 17. Nf6+ Bxf6 18. exf6 g6 19. Rxf1 Qd8 20. Qh4 c5 21. Bc3
d5 22. Be5 Qb6 23. Bd7 Kh8 24. Bxe8 Raxe8 25. Qh6 Rg8 26. Rf3 g5 27. Rh3 1-0

[Event "World Senior 50+ 2014"]
[Site "Katerini GRE"]
[Date "2014.10.24"]
[Round "1.21"]
[White "Caribe Santos, Luiz Carlos"]
[Black "Madeira, Wagner Martins"]
[Result "0-1"]
[BlackTitle "FM"]
[WhiteElo "1590"]
[BlackElo "2207"]
[WhiteFideId "2171708"]
[BlackFideId "2100797"]
[EventDate "2014.10.24"]

1. d4 d5 2. c4 e5 3. dxe5 d4 4. Nf3 Nc6 5. a3 Nge7 6. e3 Bg4 7. Be2 dxe3 8. Bxe3
Qxd1+ 9. Bxd1 Ng6 10. Nbd2 Ngxe5 11. Be2 O-O-O 12. Nxe5 Nxe5 13. Bxg4+ Nxg4 14.
Nf3 Nxe3 15. fxe3 Bc5 16. Rd1 Bxe3 17. Rxd8+ Rxd8 18. Ke2 Bd4 19. b3 Bf6 20. a4
Re8+ 21. Kd3 Kd7 22. Re1 Rxe1 23. Nxe1 Ke6 24. Ke4 Be5 25. h3 f5+ 26. Kf3 h5 27.
Nd3 b6 28. g3 g5 29. g4 fxg4+ 30. hxg4 h4 31. Nf2 Bd4 32. Ne4 Bf6 33. Nf2 Ke5
34. Ke3 Be7 35. Nd3+ Kd6 36. Kf3 c6 37. Ke4 a6 38. Kf3 Ke6 39. Ke4 b5 40. Kf3
bxa4 41. bxa4 Bd6 42. Kg2 Be7 43. Kf3 Kd6 44. Kg2 Kc7 45. c5 Kd7 46. Ne5+ Ke6
47. Nxc6 Bxc5 48. a5 Bd6 49. Nd4+ Kd5 50. Nf3 Bf4 51. Ne1 Kc4 52. Nf3 Kb4 53.
Ng1 Kxa5 54. Kf2 Kb4 55. Ke2 a5 56. Kd1 Kb3 0-1

[Event "World Senior 50+ 2014"]
[Site "Katerini GRE"]
[Date "2014.10.24"]
[Round "1.22"]
[White "Nikolaidis, Konstantinos"]
[Black "Wilson, F Leon"]
[Result "1-0"]
[WhiteTitle "FM"]
[WhiteElo "2178"]
[BlackElo "1572"]
[WhiteFideId "4200578"]
[BlackFideId "2048302"]
[EventDate "2014.10.24"]

1. d4 Nf6 2. c4 c5 3. d5 b5 4. cxb5 a6 5. bxa6 Bxa6 6. Nc3 d6 7. Nf3 g6 8. e4
Bxf1 9. Kxf1 Bg7 10. g3 Nbd7 11. Kg2 O-O 12. a4 Qa5 13. Bd2 Rfb8 14. Nb5 Qb6 15.
Qc2 Rc8 16. h3 Ne8 17. Bc3 Ndf6 18. Nd2 c4 19. Bd4 Qb7 20. Rhc1 Bh6 21. f4 c3
22. bxc3 Bg7 23. c4 Qd7 24. Qd3 e6 25. a5 Nc7 26. Nxc7 Qxc7 27. a6 e5 28. fxe5
dxe5 29. Be3 Qd6 30. c5 Qc7 31. Nc4 Nd7 32. c6 Nf6 33. d6 Qxc6 34. Nb6 Qxe4+ 35.
Qxe4 Nxe4 36. Rxc8+ Rxc8 37. Nxc8 Nf6 38. a7 Nd7 39. Ne7+ Kh8 40. a8=Q+ Bf8 41.
Bh6 1-0

[Event "World Senior 50+ 2014"]
[Site "Katerini GRE"]
[Date "2014.10.25"]
[Round "2.1"]
[White "Nunn, John D M"]
[Black "Stepovoj, Vladimir"]
[Result "1-0"]
[WhiteTitle "GM"]
[BlackTitle "IM"]
[WhiteElo "2602"]
[BlackElo "2323"]
[WhiteFideId "400017"]
[BlackFideId "4120159"]
[EventDate "2014.10.24"]

1. e4 c5 2. Nf3 Nc6 3. d4 cxd4 4. Nxd4 e5 5. Nb5 a6 6. Nd6+ Bxd6 7. Qxd6 Qe7 8.
Qd1 Nf6 9. Nc3 d6 10. Bg5 Be6 11. Nd5 Bxd5 12. exd5 Nb8 13. a4 h6 14. Be3 Nbd7
15. Be2 Rc8 16. a5 O-O 17. O-O Ne8 18. Ra3 f5 19. f4 Kh8 20. c4 e4 21. b4 Nef6
22. Rc3 Qf7 23. Qd2 Rc7 24. Rd1 Rfc8 25. h3 h5 26. c5 Qf8 27. c6 bxc6 28. dxc6
Rxc6 29. Rxc6 Rxc6 30. b5 axb5 31. Bxb5 Qc8 32. Bxc6 Qxc6 33. Qxd6 Qc3 34. Qd2
Qa3 35. Bd4 1-0

[Event "World Senior 50+ 2014"]
[Site "Katerini GRE"]
[Date "2014.10.25"]
[Round "2.2"]
[White "Chapman, Terry P D"]
[Black "Hebden, Mark L"]
[Result "0-1"]
[WhiteTitle "FM"]
[BlackTitle "GM"]
[WhiteElo "2304"]
[BlackElo "2540"]
[WhiteFideId "413399"]
[BlackFideId "400084"]
[EventDate "2014.10.24"]

1. Nf3 Nf6 2. c4 g6 3. g3 Bg7 4. Bg2 O-O 5. O-O d6 6. Nc3 Nc6 7. d3 e5 8. Rb1 a5
9. a3 Nd4 10. Nxd4 exd4 11. Nb5 Ne8 12. e3 dxe3 13. Bxe3 c6 14. Nc3 Be6 15. Qb3
Qd7 16. d4 Bf5 17. Rbd1 Nf6 18. d5 c5 19. Na4 Rab8 20. Nb6 Qc7 21. Rd2 Rfe8 22.
h3 h5 23. Bf4 Nh7 24. Na4 Be5 25. Be3 Bd7 26. Nc3 Bxg3 27. Nb5 Bxb5 28. fxg3
Bxc4 29. Qxc4 Rxe3 30. Rdf2 Rf8 31. Qf4 Qe7 32. h4 b5 33. g4 hxg4 34. Qxg4 Qe5
35. Qd7 Re1 36. Qxb5 Rxf1+ 37. Qxf1 Qg3 38. Qb5 Qxh4 39. Qxa5 Nf6 40. Re2 Qd4+
41. Kf1 Nxd5 42. Qd2 Qxd2 43. Rxd2 Ne3+ 44. Kf2 Nxg2 45. Kxg2 Rd8 46. Kf3 d5 47.
b4 cxb4 48. axb4 Rb8 49. Rb2 Rb5 50. Kf4 f6 51. Rb1 Kf7 52. Rb2 Ke6 53. Re2+ Kd6
54. Rb2 Rb6 55. Rb1 f5 56. Rb2 d4 57. b5 Kc5 58. Ke5 d3 59. Rb1 Kc4 60. Rc1+ Kb3 0-1

[Event "World Senior 50+ 2014"]
[Site "Katerini GRE"]
[Date "2014.10.25"]
[Round "2.3"]
[White "Heinig, Wolfram"]
[Black "Sveshnikov, Evgeny"]
[Result "1/2-1/2"]
[WhiteTitle "FM"]
[BlackTitle "GM"]
[WhiteElo "2296"]
[BlackElo "2517"]
[WhiteFideId "4611926"]
[BlackFideId "4100638"]
[EventDate "2014.10.24"]

1. Nf3 d5 2. c4 e6 3. g3 dxc4 4. Qa4+ Bd7 5. Qxc4 c5 6. Bg2 Nc6 7. O-O b5 8. Qf4
Nf6 9. d4 Rc8 10. Nc3 Nxd4 11. Nxd4 cxd4 12. Qxd4 Bc5 13. Qd3 b4 14. Ne4 Nxe4
15. Qxe4 Bc6 16. Qe5 O-O 17. Be3 Bxg2 18. Kxg2 Qb6 19. Rac1 Bxe3 20. Qxe3 Qxe3
21. fxe3 f5 22. Rfd1 Rxc1 23. Rxc1 Rd8 24. Rc7 Rd2 25. Kf2 a5 26. Ra7 Rxb2 27.
Rxa5 Kf7 28. a3 b3 29. Rb5 Kf6 30. a4 h5 31. h4 g5 32. hxg5+ Kxg5 33. e4 Ra2 34.
exf5 exf5 35. Rxb3 Rxa4 1/2-1/2